Quizzes
Events
Quiz Creation
Community
Videos
Private Events
Remove Ads
Sign In
Join for FREE
Feedback
Dark Mode
Quiz Categories
Sports
Geography
Music
Movies
Television
Just For Fun
Miscellaneous
History
Literature
Language
Science
Gaming
Entertainment
Religion
Holiday
For Kids
Quiz Lab
Recent
Popular Today
Quiz Kudos Today
Editor Picks
Curator Picks
Quizzes by...
Day
Popularity
Type
Ratings
Length
Year
Community
Subscriptions
Recent Discussions
Orange Saloon
Badges
Playlists
Quests
Create
Leaderboards
Showdown
Live 5
Trivia Bingo
Activity
Puzzle Library
Sporcle Events
Private Events
Virtual Trivia
Globe League
Become a Host
Pub Owners
SporcleCon
Opinionation
Our Games
Videos
Blog
Mobile Apps
Partnerships
Remove Ads and Go Orange
Feedback
Literature
Harry Potter
A Song of Ice and Fire
The Hunger Games
Literary Character
Shakespeare
Book
Author
Novel
Poem
Young Adult
Children's Books
Play
Lord of the Rings
Literature
Harry Potter
A Song of Ice and Fire
The Hunger Games
Literary Character
Shakespeare
Book
Author
Novel
Poem
Young Adult
Children's Books
Play
Lord of the Rings
Random Quiz
Search Sporcle
×
Quiz Lab
Quiz Lab
Literature
Book
Type in answers that appear in a list
Type in answers that appear in a list
Classic
Best Score? Go Orange.
Michael Crichton Books Stats
Can you name the Michael Crichton Books?
By
Chrunchy
10m
20 Questions
85 Plays
85 Plays
85 Plays
Comments
Comments
Give Quiz Kudos
Give Quiz Kudos
-
- Ratings
hide this ad
Replay
Link that replays current quiz
Next Quiz
Link to next quiz in quiz playlist
You Got
0%
They Got
Avg Score
51%
Avg Friend Score
Upgrade to see
Score Distribution
Jump to the score distribution portion of the page
Score
0/20
Timer
10:00
0
Plays Today
Year Published
Book
% Correct
1990
Jurassic Park
88.2%
88.2%
1969
The Andromeda Strain
84.7%
1995
The Lost World
80%
1980
Congo
78.8%
1987
Sphere
64.7%
1975
The Great Train Robbery
61.2%
1999
Timeline
61.2%
2002
Prey
54.1%
1992
Rising Sun
50.6%
Year Published
Book
% Correct
1972
The Terminal Man
48.2%
1996
Airframe
47.1%
1976
Eaters of the Dead
45.9%
1994
Disclosure
44.7%
2006
Next
44.7%
2004
State of Fear
41.2%
1988
Travels
22.4%
1970
Five Patients
14.1%
2009
Pirate Lattitudes
9.4%
1977
Jasper Jones
3.5%
Quiz Playlist
Details
Report
Send in Message
Add To Playlist
Classic:
Type in answers that appear in a list
Last Updated: Feb 16, 2017
Quiz Scoreboard
CHALLENGE
Sign Up to Join the Scoreboard
Show All
Scores
Hide
Comments
May contain spoilers
Recently Published
TV Characters by Other Roles V
by ghcgh
Television
5m
Decade Duel: World Leaders
by jenniferyan
History
4m
Alphabetical 'K' Countries by Flag Minefield
by ylime102
Geography
3m
More to Explore
Quiz From the Vault
Featured Blog Post
15 Basketball Trivia Facts You Can Be March Mad About
hide this ad
You Might Also Like...
Tags
Book Quiz
crichton
michael
Michael Crichton
Published
Today's Top Quizzes in Literature
Browse Literature
hide this ad
Today's Top Quizzes in Book
Browse Book
Top Contributed Quizzes in Literature
1
Criteria Quiz: Harry Potter Gryffindors
2
Criteria Quiz: Harry Potter Deaths
3
Season Plays
4
Harry Potter Progressively Harder
5
Pick 3: Harry Potter Hogwarts Quidditch Players
6
Harry Potter Alphabet Blitz A
7
Harry Potter Characters: Logic Puzzle
8
Spring Reading List
9
Word Ladder: King's 'The Stand'
10
Harry Potter logic puzzle: Triwizard Tournament
Explore More
Trending Topics
Harry Potter
Marvel
NBA
Kpop
Disney
Crossword
Anime
Country
Song
Soccer
NFL
WWE
Pokémon
The Office
Puzzle
hide this ad
More By:
Chrunchy
Quiz
Plays
Rating
Category
Featured
Created
Legend of Zelda games
642
3.10
Gaming
Apr 5, 2010
Halo Series Weapons
575
3.63
Gaming
Oct 10, 2010
Halo: Reach Armor Abilities
495
3.00
Gaming
Jan 22, 2011
Band by Song
289
1.56
Music
May 9, 2010
Vehicles in Halo 3
257
5.00
Gaming
Apr 6, 2010
Go to Creator's Profile
Score Distribution
Quiz Creator Spotlight
Chrunchy
Follow
Send a Message
Quizzes Created
-
Created Quiz Play Count
-
More By This Creator
Popular Quizzes Today
1
Countries of Asia Without Outlines Minefield
2
Find the US States - No Outlines Minefield
3
Pick 6: Fruits
4
The Countries of the World
5
Find the Countries of Europe - No Outlines Minefield
6
Alphabetical 'K' Countries by Flag Minefield
7
US States
8
Find the US States
More Literature Quizzes
Vanishing 'Goodnight Moon' Items Blitz
Editor's Pick
Trending Quizzes
Pick 6: Mountains
Pick 6: Harry Potter
Pick 6: Flags
Pick 6: NFL Teams
C Names for Actors
Recently Updated
Adaptations: Name the Title
pecheneg
NWSL Teams
pecheneg
Women's Final Four Teams by Year
bhenderson79
Presidents Quartet II
eogle
Anything But Clue(do)
eogle
Anything But Oceanian Capitals
eogle
Anything But 7
eogle
Anything But Thing
eogle
Word Ladder: February 29
pecheneg
Song Title Questions
pecheneg
Trending Topics
Kpop
NBA
Disney
Crossword
Anime
Harry Potter
Marvel
NFL
WWE
Song
Country
Pokémon
The Office
Puzzle
Soccer
Your Account Isn't Verified!
In order to create a playlist on Sporcle, you need to verify the email address you used during registration. Go to your
Sporcle Settings
to finish the process.
Report this User
Report this user for behavior that violates our
Community Guidelines
.
Details:
Send Report
Go to the Sporcle.com Mobile Site →
Comments